[Event "Milovan Prvulj Mem"]
[Site "Pancevo YUG"]
[Date "2003.03.06"]
[Round "9"]
[White "Vrbljanac,A"]
[Black "Vasovski,N"]
[Result "0-1"]
[WhiteElo "2196"]
[BlackElo "2325"]

1.e4 c5 2.Nf3 Nc6 3.d4 cxd4 4.Nxd4 Qc7 5.Nc3 e6 6.Be3 a6 7.Be2 b5 8.O-O Bb7
9.a3 Rc8 10.Kh1 Nf6 11.f4 Nxd4 12.Qxd4 Bc5 13.Qxc5 Qxc5 14.Bxc5 Rxc5 15.e5 Nd5
16.Nxd5 Bxd5 17.c3 Ke7 18.Rad1 Rb8 19.Bf3 Bb3 20.Rd4 a5 21.h3 f6 22.Re1 fxe5
23.Rxe5 Rxe5 24.fxe5 Rc8 25.Rg4 Kf7 26.Rd4 Ke7 27.Rg4 g6 28.Rh4 h5 29.Re4 Rc5
30.Re3 h4 31.Kh2 a4 32.Kg1 g5 33.Kf2 Bd5 34.Be2 Bc6 35.Bd3 Kd8 36.Be2 Kc7
37.Bd3 Kb6 38.g3 Bb7 39.gxh4 gxh4 40.Ke2 Bd5 41.Kf2 Rc8 42.Be4 Rf8+ 43.Ke2 Bc4+
44.Bd3 Kc5 45.Bxc4 bxc4 46.Re4 Rb8 47.Rxh4 Rxb2+ 48.Kd1 Rb3 49.Kc2 Rxa3 50.Rd4 Ra2+
51.Kb1 Rh2 52.Rxd7 Rxh3 53.Kb2 a3+ 54.Kxa3 Rxc3+ 55.Kb2 Re3 56.Rd8 Rxe5 57.Kc3 Re3+
58.Kc2 Rh3 59.Rd7 Rd3 60.Rh7 e5 61.Rh8 e4 62.Rc8+ Kd4 63.Rd8+ Ke3 64.Rc8 Rd4
65.Kc3 Rd7 66.Rxc4 Kf3 67.Rc8 e3 68.Kc2 Ke2 69.Kc1 Ke1 70.Kc2 e2 71.Rf8 Rc7+
72.Kb2 Rc5 73.Kb1 Rc4 74.Kb2 Kd2 75.Rd8+ Ke3 76.Kb3 Re4  0-1

[Event "Jch-RUS b20"]
[Site "Essentuki RUS"]
[Date "2003.03.08"]
[Round "6"]
[White "Rjabzev,K"]
[Black "Torbin,K"]
[Result "1-0"]
[WhiteElo "2315"]
[BlackElo "2387"]

1.e4 c5 2.Nf3 Nc6 3.d4 cxd4 4.Nxd4 Qb6 5.Nb3 Nf6 6.Nc3 e6 7.Qe2 d6 8.g4 a6
9.g5 Nd7 10.f4 Qc7 11.Be3 b5 12.O-O-O Nb6 13.Qf2 Rb8 14.h4 Na4 15.h5 Nb4
16.Kb1 Qxc3 17.bxc3 Nxc3+ 18.Ka1 Nxd1 19.Bxb5+ axb5 20.Rxd1 Ra8 21.Qd2 Nc6
22.Nd4 Nxd4 23.Bxd4 Bb7 24.h6 Rg8 25.hxg7 Rxg7 26.Bxg7 Bxg7+ 27.Kb1 Bf8 28.Qe2 Bc6
29.f5 Ra4 30.fxe6 Rxe4 31.exf7+ Kxf7 32.Qf2+ Kg8 33.Rd4 Re5 34.Rd1 Bd5 35.Qf6 Bf7
36.Rf1 Re7 37.g6  1-0

[Event "TCh-BEL 2002-3"]
[Site "Belgium BEL"]
[Date "2003.03.09"]
[Round "10"]
[White "Van der Burght,R"]
[Black "Vandevoort,P"]
[Result "1-0"]
[WhiteElo "2185"]
[BlackElo "2348"]

1.e4 c5 2.Nf3 Nc6 3.d4 cxd4 4.Nxd4 Qc7 5.c4 e6 6.Nc3 Nf6 7.Be2 b6 8.O-O Bb7
9.Ndb5 Qb8 10.Be3 Be7 11.f4 d6 12.Bf3 O-O 13.Rc1 Rd8 14.Kh1 a6 15.Na3 Qa7
16.Na4 Nd7 17.Nxb6 Nxb6 18.Qb3 Rdc8 19.Bxb6 Qb8 20.Rfd1 a5 21.Nb5 a4 22.Qe3 e5
23.Bg4 a3 24.bxa3 exf4 25.Qxf4 Ne5 26.Bxc8 Bxc8 27.Bc7 Qb7 28.Bxd6 Ng6 29.Bxe7 Qxe7
30.Qc7  1-0

[Event "19th Spring Fest"]
[Site "Budapest HUN"]
[Date "2003.03.20"]
[Round "7"]
[White "Nagy,Z"]
[Black "Metaxasz,V"]
[Result "1/2-1/2"]
[WhiteElo "2266"]
[BlackElo "2125"]

1.e4 c5 2.Nf3 Nc6 3.d4 cxd4 4.Nxd4 Qb6 5.Nb3 Nf6 6.Nc3 e6 7.Qe2 Bb4 8.Bd2 O-O
9.a3 Be7 10.O-O-O Qc7 11.g3 a6 12.f4 d6 13.Bg2 Re8 14.g4 Nd7 15.g5 Nc5 16.Nxc5 dxc5
17.e5 b5 18.Ne4 Nd4 19.Qg4 Bb7 20.Nf6+ Bxf6 21.gxf6 g6 22.Bxb7 Qxb7 23.Be3 Nf5
24.Bxc5 Rec8 25.b4 a5 26.Rhe1 axb4 27.axb4 Qa6 28.Rd3 Qa2 29.Qf3 Qc4 30.Re4 Ra1+
31.Kd2 Qa2 32.Re1 Rxe1 33.Kxe1 Qxc2 34.Qd1 Qxd1+ 35.Kxd1 h6 36.Rd7 Rb8 37.Kc2 g5
38.fxg5 hxg5 39.Kd3 Ra8 40.Rb7 Ra3+ 41.Kc2 Rh3 42.Bg1 Nh4 43.Rxb5 Nf3  1/2-1/2

[Event "TSGM March"]
[Site "Subotica YUG"]
[Date "2003.03.26"]
[Round "5"]
[White "Delchev,A"]
[Black "Matulovic,M"]
[Result "1-0"]
[WhiteElo "2583"]
[BlackElo "2423"]

1.e4 c5 2.Nf3 Nc6 3.d4 cxd4 4.Nxd4 Qc7 5.Nc3 e6 6.g3 a6 7.Bg2 Nf6 8.O-O Be7
9.Re1 O-O 10.Nxc6 dxc6 11.e5 Rd8 12.Qf3 Nd5 13.h4 h6 14.Qg4 Kh8 15.Qh5 Bf8
16.Ne4 g6 17.Qf3 Nb4 18.Nd6 f5 19.Rd1 Kh7 20.c3 Nd5 21.c4 Nb4 22.Bf4 c5 23.Rd2 Nc6
24.Qe3 Nd4 25.b4 Rb8 26.bxc5 Nc6 27.Rad1 b6 28.cxb6 Rxb6 29.c5 Rb8 30.Qf3 Nb4
31.Nb5 Rxb5 32.Rxd8 Bxc5 33.Qa8 Rb8 34.R1d7+ Bxd7 35.Rxb8 Bxf2+ 36.Kh2 g5
37.Rh8+ Kg6 38.Qg8+  1-0

[Event "Team Cup"]
[Site "Belgrade YUG"]
[Date "2003.04.07"]
[Round "4"]
[White "Zivkovic,S"]
[Black "Damjanovic,D"]
[Result "1-0"]
[WhiteElo "2251"]
[BlackElo "2296"]

1.e4 c5 2.Nf3 Nc6 3.d4 cxd4 4.Nxd4 Qc7 5.Nc3 e6 6.g3 a6 7.Bg2 d6 8.O-O Bd7
9.a4 Be7 10.Be3 Nf6 11.Nb3 b6 12.f4 O-O 13.g4 Bc8 14.g5 Nd7 15.Qh5 Rb8 16.Rf3 Re8
17.Rh3 Nf8 18.Rf1 Qd8 19.f5 Ne5 20.Nd4 exf5 21.exf5 g6 22.fxg6 Nexg6 23.Nc6 Bxh3
24.Nxd8 Bxg2 25.Kxg2 Bxd8 26.Nd5 Re5 27.c4 Ne6 28.Kh1 b5 29.Qf3 Nxg5 30.Bxg5 Bxg5
31.Qxf7+ Kh8 32.Qc7 Rg8 33.Qxd6 bxc4 34.Nc3 a5 35.Qd4 Re8 36.Qxc4 Kg7 37.Nb5 Re1
38.Nd6 Rxf1+ 39.Qxf1 Rf8 40.Qb5 Bf4 41.Qd7+ Kg8 42.Qe6+ Kh8 43.Nf5 Be5 44.b3 Rd8
45.Qf7 Rf8 46.Qd7 Bf6 47.Qb5 Bc3 48.h4 h5 49.Ng3 Be5 50.Qc6 Rf4 51.Qxg6 Rxh4+
52.Kg2 Bxg3 53.Qh6+  1-0

[Event "Seniorsko"]
[Site "Nisa YUG"]
[Date "2003.04.09"]
[Round "1"]
[White "Lukic,I"]
[Black "Djukic,Z YUG"]
[Result "0-1"]
[WhiteElo "2042"]
[BlackElo "2423"]

1.e4 c5 2.Nf3 Nc6 3.d4 cxd4 4.Nxd4 Qc7 5.Nc3 e6 6.Be2 a6 7.O-O Nf6 8.Be3 Bb4
9.Na4 Be7 10.Nxc6 bxc6 11.Nb6 Rb8 12.Nxc8 Qxc8 13.Bd4 O-O 14.Qd3 Qc7 15.Rad1 e5
16.Bc3 Bb4 17.Bf3 Qa5 18.Bxb4 Qxb4 19.b3 Qa3 20.Qc3 Rb5 21.g4 h6 22.h4 Qe7
23.Kg2 Rc5 24.Qd2 d5 25.Qe2 dxe4 26.Bxe4 Nxe4 27.Qxe4 Qxh4 28.Rh1 Qg5 29.Rh5 f5
30.Qb4 Qg6 31.Re1 Rxc2 32.Rxe5 fxg4  0-1

[Event "Asian Teams w"]
[Site "Jodhpur IND"]
[Date "2003.04.10"]
[Round "4"]
[White "Swathi,G"]
[Black "Paridar,S"]
[Result "1-0"]
[WhiteElo "2280"]
[BlackElo "2229"]

1.e4 c5 2.Nf3 Nc6 3.d4 cxd4 4.Nxd4 Qc7 5.Nc3 e6 6.Be2 a6 7.O-O Nf6 8.Be3 Bb4
9.Na4 Be7 10.Nxc6 bxc6 11.Nb6 Rb8 12.Nxc8 Qxc8 13.Bd4 Nxe4 14.Bxg7 Rg8 15.Be5 d6
16.Bd3 Ng5 17.Bc3 Nh3+ 18.Kh1 Nf4 19.Be4 f5 20.Qf3 Rxg2 21.Bxc6+ Kf7 22.Bd2 Ng6
23.Bd5 Nh4 24.Qh5+ Rg6 25.Qxh7+ Ke8 26.Rae1 Qc5 27.Bxe6 Kd8 28.c4 Qd4 29.Ba5+ Rb6
30.Bxb6+ Qxb6 31.Qh8+  1-0

[Event "ch-Kaissa Club"]
[Site "Kharkov UKR"]
[Date "2003.04.10"]
[Round "3"]
[White "Tarlev,K"]
[Black "Arzumanian,G"]
[Result "1/2-1/2"]
[WhiteElo "2358"]
[BlackElo "2416"]

1.e4 c5 2.Nf3 Nc6 3.d4 cxd4 4.Nxd4 Qb6 5.Nb3 Nf6 6.Nc3 e6 7.g3 Bb4 8.Bg2 d5
9.O-O dxe4 10.Nxe4 Nxe4 11.Bxe4 O-O 12.Bg5 Be7 13.Bxe7 Nxe7 14.Qd4 Qxd4 15.Nxd4 e5
16.Nb5 Bd7 17.Nd6 Bc6 18.Rfd1 Bxe4 19.Nxe4 Rfd8  1/2-1/2

[Event "ch-Kaissa Club"]
[Site "Kharkov UKR"]
[Date "2003.04.12"]
[Round "5"]
[White "Kotenko,P"]
[Black "Arzumanian,G"]
[Result "1/2-1/2"]
[WhiteElo "2392"]
[BlackElo "2416"]

1.e4 c5 2.Nf3 Nc6 3.d4 cxd4 4.Nxd4 Qb6 5.Nb3 Nf6 6.Nc3 e6 7.Qe2 Bb4 8.Bd2 O-O
9.a3 Be7 10.e5 Nd5 11.O-O-O d6 12.exd6 Bxd6 13.Nb5 Bf4 14.c4 Bxd2+ 15.Rxd2 Nc7
16.c5 Qxb5 17.Qxb5 Nxb5 18.Bxb5 Ne7 19.Kb1 e5 20.Bd7 Rb8 21.Na5 b6 22.Nc4 f6
23.cxb6 axb6 24.Rhd1 Nf5 25.Bxc8 Rfxc8 26.Nd6 Nxd6 27.Rxd6 Rb7 28.Rd7 Rcc7
29.Rxc7 Rxc7 30.Rd6 Rb7 31.Kc2 Kf7 32.Kb3 Ke7 33.Rd2 f5 34.Kb4 Ke6 35.Kb5 e4
36.Kc6 Re7 37.Kxb6 f4 38.Kc5 e3 39.Re2 Kf5 40.Kd4 Rd7+ 41.Kc3 Rc7+ 42.Kd3 Rd7+
43.Kc3  1/2-1/2

[Event "ch-POLJ u20"]
[Site "Jarnoltowek POL"]
[Date "2003.04.13"]
[Round "9"]
[White "Czakon,J"]
[Black "Gajewski,G"]
[Result "1/2-1/2"]
[WhiteElo "2391"]
[BlackElo "2445"]

1.e4 c5 2.Nf3 Nc6 3.d4 cxd4 4.Nxd4 Qc7 5.Nb5 Qb8 6.c4 Nf6 7.N5c3 e6 8.Be3 b6
9.Be2 Bc5 10.Qd2 O-O 11.O-O Bb7 12.f4 Bxe3+ 13.Qxe3 d5 14.cxd5 exd5 15.Nxd5 Nxd5
16.exd5 Nb4 17.Qd2 Nxd5 18.Nc3 Rd8 19.Nxd5 Rxd5 20.Qe3 Qf8 21.Bf3 Re8 22.Qf2 Rd7
23.Rad1 Rxd1 24.Rxd1 Bxf3 25.Qxf3 Qb4 26.Qf2 h6 27.b3 Re4 28.g3 Qe7 29.Qc2 g6
30.Kf2 Re6 31.Rd2  1/2-1/2

[Event "Seniorsko"]
[Site "Nisa YUG"]
[Date "2003.04.15"]
[Round "8"]
[White "Radoja,D"]
[Black "Zivic,D"]
[Result "0-1"]
[WhiteElo "2241"]
[BlackElo "2286"]

1.e4 c5 2.Nf3 Nc6 3.d4 cxd4 4.Nxd4 Qc7 5.Nc3 e6 6.Be2 a6 7.O-O Nf6 8.a3 Nxd4
9.Qxd4 Bd6 10.h3 Be5 11.Qd3 Bxc3 12.bxc3 d5 13.exd5 Nxd5 14.Bb2 Nf4 15.Qe3 Nxe2+
16.Qxe2 O-O 17.c4 f6 18.Bd4 e5 19.Be3 Be6 20.c5 Qf7 21.Rfd1 Bd5 22.Rd2 Bc6
23.Rad1 Rae8 24.f3 f5 25.Bg5 f4 26.Bh4 Qh5 27.Qc4+ Kh8 28.Be1 e4 29.fxe4 Rxe4
30.Rd8 Rxe1+  0-1

[Event "6th St Quentin Open"]
[Site "Elancourt FRA"]
[Date "2003.04.17"]
[Round "7"]
[White "Schoch,T"]
[Black "Zigura,O"]
[Result "0-1"]
[WhiteElo "2088"]
[BlackElo "2367"]

1.e4 c5 2.Nf3 Nc6 3.d4 cxd4 4.Nxd4 Qc7 5.Nc3 e6 6.g3 a6 7.Bg2 Nf6 8.O-O Nxd4
9.Qxd4 Bc5 10.Bf4 d6 11.Qd2 h6 12.Rad1 e5 13.Be3 Bg4 14.f3 Be6 15.Bxc5 dxc5
16.Qd6 Rc8 17.Rf2 Qxd6 18.Rxd6 Ke7 19.Rfd2 Rhd8 20.Rxd8 Rxd8 21.Rxd8 Kxd8
22.a4 Kc7 23.Kf2 Kb6 24.h3 c4 25.f4 Kc5 26.f5 Bd7 27.Ke3 Bc6 28.g4 Kb4 29.Bf1 Bd7
30.Na2+ Kc5 31.b4+ cxb3 32.cxb3 a5 33.Bc4 Bxa4 34.Bxf7  0-1

[Event "ch-Kaissa Club"]
[Site "Kharkov UKR"]
[Date "2003.04.18"]
[Round "11"]
[White "Mihalichenko,B"]
[Black "Arzumanian,G"]
[Result "1-0"]
[WhiteElo "2276"]
[BlackElo "2416"]

1.e4 c5 2.Nf3 Nc6 3.d4 cxd4 4.Nxd4 Qb6 5.Nb3 Nf6 6.Nc3 e6 7.Bd3 a6 8.O-O Be7
9.Be3 Qc7 10.f4 d6 11.Qf3 O-O 12.g4 b5 13.g5 Nd7 14.Qh5 g6 15.Qh6 Re8 16.Rf3 Bf8
17.Qh4 Qd8 18.Raf1 Bb7 19.Rh3 h6 20.Qg3 hxg5 21.e5 gxf4 22.Bxg6 Bh6 23.Rxf4  1-0

[Event "ch-FAI"]
[Site "Torshavn FAI"]
[Date "2003.04.18"]
[Round "10"]
[White "Nolsoe,E"]
[Black "Samuelsen,C"]
[Result "1/2-1/2"]
[WhiteElo "2220"]
[BlackElo "2142"]

1.e4 c5 2.Nf3 Nc6 3.d4 cxd4 4.Nxd4 Qc7 5.Nc3 e6 6.Be2 Nf6 7.O-O a6 8.a4 Bb4
9.Qd3 O-O 10.Bg5 Be7 11.Kh1 Ng4 12.Bxg4 Bxg5 13.Nxc6 bxc6 14.Rae1 a5 15.Be2 d5
16.Qd1 Bf6 17.Qd2 Rd8 18.exd5 exd5 19.Bd3 Qb6 20.b3 Qb4 21.Nb1 Qxd2 22.Nxd2 Bg4
23.f3 Bh5 24.Re2 Bc3 25.g4 Bg6 26.Bxg6 hxg6 27.Kg2 Re8 28.Rfe1 Kf8 29.Kf1 Rxe2
30.Rxe2 Re8 31.Rxe8+ Kxe8 32.Ke2 Kd7  1/2-1/2

[Event "Commonwealth Ch"]
[Site "Mumbai IND"]
[Date "2003.04.20"]
[Round "1"]
[White "Nikhilesh,K"]
[Black "Ramesh,R"]
[Result "0-1"]
[WhiteElo "2163"]
[BlackElo "2444"]

1.e4 c5 2.Nf3 Nc6 3.d4 cxd4 4.Nxd4 Qb6 5.Nb3 Nf6 6.Nc3 e6 7.Bd3 Be7 8.O-O O-O
9.Be3 Qc7 10.f4 a6 11.Qf3 b5 12.Rae1 Bb7 13.Qh3 d6 14.a3 Rfe8 15.g4 Nd7 16.Nd5 exd5
17.exd5 Nf8 18.dxc6 Qxc6 19.g5 Bd8 20.Nd4 Qd5 21.Qf3 Qxf3 22.Nxf3 Ne6 23.f5 Nc7
24.h4 Nd5 25.Bd4 Bb6 26.Be4 Bxd4+ 27.Nxd4 Rab8 28.c3 Ba8 29.f6 gxf6 30.Nf5 Kf8
31.Bxd5 Bxd5 32.gxf6 Re6 33.Nd4 Re5 34.Rxe5 dxe5 35.Nf5 Rb6 36.Ne3 Be6 37.h5 h6
38.Rd1 Ke8 39.Kf2 Bb3 40.Rg1 Rxf6+ 41.Ke2 Kf8 42.Rg4 Rd6 43.Rb4 Be6 44.a4 bxa4
45.Rxa4 f5 46.Nc4 Bxc4+ 47.Rxc4 Ke7 48.Rc5 Kf6 49.b4 e4 50.c4 Kg5 51.b5 axb5
52.cxb5 Rd3  0-1

[Event "XXI Open"]
[Site "Metz FRA"]
[Date "2003.04.26"]
[Round "8"]
[White "Gouliev,N"]
[Black "Savchenko,S"]
[Result "1-0"]
[WhiteElo "2402"]
[BlackElo "2559"]

1.e4 c5 2.Nf3 Nc6 3.d4 cxd4 4.Nxd4 Qb6 5.Nb3 Nf6 6.Nc3 e6 7.Be3 Qc7 8.Bd3 a6
9.f4 b5 10.Qf3 Bb7 11.O-O d6 12.Qg3 h5 13.Rae1 Be7 14.e5 dxe5 15.fxe5 Ng4
16.Bc5 Bxc5+ 17.Nxc5 Qb6 18.Ne4 Ncxe5 19.b4 h4 20.Qh3 O-O-O 21.Ng5 Rd5 22.Nxf7 Rxc5
23.bxc5 Qxc5+ 24.Kh1 Nf2+ 25.Rxf2 Qxf2 26.Rf1  1-0

[Event "FSIMA May"]
[Site "Budapest HUN"]
[Date "2003.05.06"]
[Round "4"]
[White "Pg,MOAHirawan"]
[Black "Berczes,C"]
[Result "0-1"]
[WhiteElo "2210"]
[BlackElo "2251"]

1.e4 c5 2.Nf3 Nc6 3.d4 cxd4 4.Nxd4 Qc7 5.Nc3 e6 6.Be2 a6 7.Be3 Nf6 8.O-O Be7
9.Nxc6 bxc6 10.Bf3 Rb8 11.Rb1 O-O 12.Qd4 Rb4 13.Qa7 Qxa7 14.Bxa7 d5 15.exd5 cxd5
16.a3 Rc4 17.Be2 Rc7 18.Bd4 Nd7 19.f4 Bb7 20.Bd3 Re8 21.Rbe1 Bd6 22.Rf3 Re7
23.Rh3 g6 24.Ne2 f6 25.c3 e5 26.fxe5 fxe5 27.Be3 Nc5 28.Bc2 Rf7 29.Rf3 Rxf3
30.gxf3 Rf7 31.Rf1 Ne6 32.Bb3 Kg7 33.Ba2 Be7 34.f4 exf4 35.Nxf4 Nxf4 36.Rxf4 Rxf4
37.Bxf4 Bc5+ 38.Kf1 Kf6 39.Bb1 Bc6 40.Ke2 Bb5+ 41.Bd3 g5 42.Bc7 Ke6 43.h3 h5
44.Bxb5 axb5 45.Kf3 Kf5 46.Bg3 g4+ 47.hxg4+ hxg4+ 48.Ke2 Ke4 49.Bh2 Be7 50.Bg3 Bf6
51.Bh2 Bh4 52.Bg1 g3 53.Bd4 Be7 54.Bb6 Bf6 55.Bg1 Be5 56.Bb6 g2 57.Kf2 Kd3
58.Kxg2 Kc2 59.Kf3 Kxb2 60.Bc5 Kxc3 61.Ke3 Kc4 62.Bb4 Bc3 63.Be7 Bd4+ 64.Kd2 Bc5
65.Bf6 Bxa3 66.Kc2 d4 67.Kd2 Bb4+ 68.Kd1 Bc3 69.Be7 Kb3 70.Bc5 Kb2 71.Bd6 b4
72.Be7 b3  0-1

[Event "Capablanca Mem Premier I"]
[Site "Havana CUB"]
[Date "2003.05.07"]
[Round "2"]
[White "Otero,D"]
[Black "Herrera,I"]
[Result "1-0"]
[WhiteElo "2394"]
[BlackElo "2436"]

1.e4 c5 2.Nf3 Nc6 3.d4 cxd4 4.Nxd4 Qc7 5.Nc3 e6 6.Be3 a6 7.Bd3 b5 8.O-O Bb7
9.Qe2 Nf6 10.Kh1 Nxd4 11.Bxd4 Bc5 12.Bxc5 Qxc5 13.a3 d5 14.e5 Ng8 15.Qg4 g6
16.Qf4 h5 17.Ne2 h4 18.h3 Qe7 19.Nd4 g5 20.Qe3 Nh6 21.f3 Kf8 22.c3 Re8 23.a4 b4
24.cxb4 Qxb4 25.Rac1 Rg8 26.Rc7 Re7 27.Rxe7 Qxe7 28.f4 g4 29.f5 Qg5 30.Nxe6+ fxe6
31.fxe6+ Ke8 32.Qb6 Rg7 33.Qd6  1-0

[Event "National I"]
[Site "Clermont-Ferrand FRA"]
[Date "2003.05.08"]
[Round "8"]
[White "Nataf,IA"]
[Black "Bricard,E"]
[Result "1/2-1/2"]
[WhiteElo "2559"]
[BlackElo "2458"]

1.e4 c5 2.Nf3 Nc6 3.d4 cxd4 4.Nxd4 Qb6 5.Nb3 Nf6 6.Nc3 e6 7.Bd3 Bb4 8.O-O Bxc3
9.bxc3 O-O 10.Bg5 Ne8 11.c4 f6 12.Bf4 Qd8 13.c5 b6 14.Rb1 bxc5 15.Nxc5 Qe7
16.Na6 d6 17.Qd2 Ne5 18.Qa5 Rf7 19.Rb3 Nxd3 20.cxd3 e5 21.Be3 Be6 22.Rc3 Qd8
23.Qxd8 Rxd8 24.a4 Rc8 25.Rfc1 Rxc3 26.Rxc3 Rb7 27.h3 Kf7 28.Kh2 Ke7 29.d4 exd4
30.Bxd4 Bb3 31.a5 Bd1 32.Rc8 Bb3 33.Rc3 Bd1 34.Re3 Rb5 35.Bxa7 Rxa5 36.Nb4  1/2-1/2

[Event "Capablanca Mem Premier II"]
[Site "Havana CUB"]
[Date "2003.05.17"]
[Round "12"]
[White "Zambrana,O"]
[Black "Gongora,M"]
[Result "1-0"]
[WhiteElo "2403"]
[BlackElo "2406"]

1.e4 c5 2.Nf3 Nc6 3.d4 cxd4 4.Nxd4 Qc7 5.Nc3 e6 6.g3 a6 7.Bg2 Nf6 8.O-O Nxd4
9.Qxd4 Bc5 10.Qd1 d6 11.Bf4 h6 12.Na4 e5 13.Nxc5 dxc5 14.Bd2 O-O 15.a4 Be6
16.Qe2 Rfd8 17.Bc3 Nd7 18.f4 f6 19.a5 Nb8 20.Qe3 Qd6 21.Be1 Nc6 22.c3 Bc4
23.Rf2 Qe7 24.Rd2 Rxd2 25.Bxd2 Rd8 26.Be1 Rd3 27.Qf2 Rd7 28.h3 Nd8 29.Bd2 Bd3
30.Be3 exf4 31.gxf4 Ne6 32.f5 Ng5 33.Bxc5 Qf7 34.Re1 Qc4 35.Bd4 Re7 36.e5 fxe5
37.Rxe5 Rxe5 38.Bxe5 Be4 39.Bd4 Bxg2 40.Qxg2 Qf7 41.f6 g6 42.h4 Ne6 43.Qd5 Nxd4
44.Qxd4 Qe6 45.Qf4 Kf7 46.Qc7+ Kxf6 47.Qxb7 Qe3+ 48.Kf1 Qd3+ 49.Kf2 Qd2+
50.Kf3 Qd1+ 51.Ke3 Qe1+ 52.Kd3 Qf1+ 53.Kd4 Qf2+ 54.Kc4 Qe2+ 55.Kc5 Qf2+ 56.Kd6 Qf4+
57.Kd7 Qf5+ 58.Ke8 Qe6+ 59.Kf8 g5 60.hxg5+ hxg5 61.b4 Qd6+ 62.Ke8 Qe6+ 63.Kd8 Qg8+
64.Kc7 g4 65.Qxa6+ Kf5 66.Qd3+ Kf4 67.Qf1+ Ke5 68.Qe1+ Kf4 69.Qf2+ Ke5 70.Qg3+ Kd5
71.a6 Qf7+ 72.Kb6 Qe6+ 73.Ka5 Kc4 74.Qc7+ Kb3 75.a7 Qd5+ 76.b5 Qf3 77.Qc6  1-0

[Event "TCh-Serbia & Montenegro"]
[Site "Budva YUG"]
[Date "2003.05.18"]
[Round "?"]
[White "Milosevic,Sla"]
[Black "Perunovic,Mil"]
[Result "0-1"]
[WhiteElo "2279"]
[BlackElo "2479"]

1.e4 c5 2.Nf3 Nc6 3.d4 cxd4 4.Nxd4 Qc7 5.Nc3 e6 6.Be2 a6 7.O-O Nf6 8.Kh1 Nxd4
9.Qxd4 Bc5 10.Qd3 b5 11.f4 h5 12.e5 Ng4 13.Bf3 Bb7 14.Bxb7 Qxb7 15.Ne4 Be7
16.Be3 Rc8 17.Rae1 h4 18.Bg1 Qc6 19.Qf3 Nh6 20.c3 Nf5 21.Bf2 a5 22.Kg1 a4
23.a3 d5 24.exd6 Bxd6 25.Qg4 Be7 26.Re2 Rd8 27.Rfe1 h3 28.g3 Rd3 29.Ng5 g6
30.Nxe6 fxe6 31.Rxe6 Qd5 32.Qxg6+ Kd7 33.R1e5 Rd1+ 34.Be1 Bc5+  0-1

[Event "TCh-Serbia & Montenegro"]
[Site "Budva YUG"]
[Date "2003.05.18"]
[Round "?"]
[White "Todorovic,GM"]
[Black "Djukic,Ni"]
[Result "0-1"]
[WhiteElo "2459"]
[BlackElo "2417"]

1.e4 c5 2.Nf3 Nc6 3.d4 cxd4 4.Nxd4 Qc7 5.Nc3 e6 6.Be3 a6 7.Qd2 Nf6 8.f3 Bb4
9.a3 Be7 10.g4 h6 11.O-O-O b5 12.h4 b4 13.axb4 Bxb4 14.Nxc6 dxc6 15.Bc4 Nd7
16.f4 Qa5 17.Kb1 Rb8 18.Bb3 c5 19.Qd3 Bxc3 20.bxc3 O-O 21.g5 h5 22.g6 fxg6
23.Rhg1 Nf6 24.Rg5 Bb7 25.Rxc5 Qa3 26.Rc4 Bxe4 27.Rxe4 Rxb3+ 28.cxb3 Qxb3+
29.Kc1 Nxe4 30.Bd4 Qa3+ 31.Kc2 Qa2+ 32.Kc1 Rb8 33.c4 Nc5  0-1

[Event "TCh-Serbia & Montenegro"]
[Site "Budva YUG"]
[Date "2003.05.18"]
[Round "?"]
[White "Popovic,Pe"]
[Black "Djukic,Ni"]
[Result "1-0"]
[WhiteElo "2503"]
[BlackElo "2417"]

1.e4 c5 2.Nf3 Nc6 3.d4 cxd4 4.Nxd4 Qc7 5.Nc3 e6 6.g3 a6 7.Bg2 Nf6 8.O-O Bc5
9.Nxc6 dxc6 10.e5 Qxe5 11.Bf4 Qd4 12.Qe2 Be7 13.Rfd1 Qc5 14.Na4 Qa5 15.b3 O-O
16.c4 Bd7 17.Be3 c5 18.Bxb7 Ra7 19.Bd2 Qc7 20.Bg2 Bc6 21.Be3 Raa8 22.Bxc6 Qxc6
23.f3 Rfd8 24.Bf2 h6 25.Rac1 Rac8 26.Kg2 Rd7 27.Rxd7 Nxd7 28.Rd1 f6 29.Nc3 Ne5
30.Qe4 Qxe4 31.Nxe4 Rc7 32.f4 Rd7 33.Rxd7 Nxd7 34.Kf3 Kf7 35.Nc3 g5 36.h3 gxf4
37.gxf4 f5 38.Na4 Bd6 39.Be1 e5 40.fxe5 Nxe5+ 41.Ke2 Kg6 42.Bg3 Nxc4 43.Bxd6 Nxd6
44.Nxc5 a5 45.Kf3 Kg5 46.Nd3 Nb5 47.Ne5 Nc3 48.a4 Ne4 49.Nc4 Kh4 50.Nxa5 Nc5
51.Kg2 h5 52.Nc6 Nxb3 53.a5 Nc5 54.Nd4 Kg5 55.Kg3 Ne4+ 56.Kf3 Nc5 57.Ne2 Kh4
58.Nf4 Kg5 59.Ng2 h4 60.Ke3 Na6 61.Ne1 Nc7 62.Nf3+ Kf6 63.Nxh4 Ke6 64.Ng6 Nd5+
65.Kd4 Kd6 66.h4 Nf6 67.Nf4 Ng4 68.h5 Kc6 69.Kc4 Ne3+ 70.Kb4 Ng4 71.Ne2 Nh6
72.Kc4 Kb7 73.Kb5 Ng4 74.Nf4 Ka7 75.Nd5 Nh6 76.a6 Ng4 77.Ka5 Nh6 78.Nc3  1-0

[Event "Memorial Day Classic"]
[Site "Los Angeles USA"]
[Date "2003.05.24"]
[Round "2"]
[White "Yanayt,E"]
[Black "Peters,Joh"]
[Result "1-0"]
[WhiteElo "2090"]
[BlackElo "2459"]

1.e4 c5 2.Nf3 Nc6 3.d4 cxd4 4.Nxd4 Qb6 5.Nb3 Nf6 6.Bd3 e6 7.c4 Ne5 8.O-O d6
9.Nc3 Nxd3 10.Qxd3 a6 11.Kh1 Be7 12.Be3 Qc7 13.f4 O-O 14.Rae1 Nd7 15.Rf3 b6
16.Rh3 g6 17.Qe2 Re8 18.Nd2 Bf6 19.Qf2 Nc5 20.Rf1 Nd3 21.Qg1 Nxb2 22.Bxb6 Qc6
23.e5 dxe5 24.Nce4 Be7 25.Qe3 f5 26.fxe5 Rf8 27.Nf6+ Bxf6 28.exf6 Nxc4 29.Nxc4 Qxc4
30.Rc1 Qxa2 31.Rxh7 Rxf6 32.Qh6  1-0

[Event "CRO-Cup"]
[Site "Rabac CRO"]
[Date "2003.05.26"]
[Round "1"]
[White "Ljubicic,F"]
[Black "Varga,Zo"]
[Result "1/2-1/2"]
[WhiteElo "2406"]
[BlackElo "2533"]

1.e4 c5 2.Nf3 Nc6 3.d4 cxd4 4.Nxd4 Qc7 5.Nc3 e6 6.Be3 Nf6 7.Bd3 a6 8.O-O Ne5
9.h3 Bc5 10.Kh1 d6 11.f4 O-O 12.Qe1 Ng6 13.f5 Ne5 14.Qh4 Bd7 15.Nce2 exf5
16.exf5 Bc6 17.Bg5 Ned7 18.Nxc6 Qxc6 19.b4 Ba7 20.Rab1 b5 21.Rb3 Rfe8 22.Rc3 Qd5
23.Rc7 Be3 24.Nf4 Bxf4 25.Rxf4 Qe5 26.Rf1 h6 27.Bf4 Qd4 28.Qg3 Nh5 29.Qf3 Nxf4
30.Rxd7 Nxd3 31.Qxd3 Qxd3 32.cxd3 Re2 33.Rc1 Rf2 34.Kg1  1/2-1/2

[Event "CRO-Cup"]
[Site "Rabac CRO"]
[Date "2003.05.26"]
[Round "1"]
[White "Ramesa,M"]
[Black "Rogic,D"]
[Result "1/2-1/2"]
[WhiteElo "2143"]
[BlackElo "2470"]

1.e4 c5 2.Nf3 Nc6 3.d4 cxd4 4.Nxd4 Qc7 5.Nc3 e6 6.Be2 a6 7.O-O Nf6 8.Be3 Be7
9.f4 d6 10.a4 O-O 11.Kh1 Nxd4 12.Qxd4 e5 13.Qd3 exf4 14.Bxf4 Be6 15.Rad1 Rfd8
16.Qg3 Qb6 17.Be3 Qa5 18.Bd4 Ne8 19.b3 Qg5 20.Qd3 Bf6 21.Be3 Qe5 22.Nd5 Bxd5
23.exd5 Rac8 24.c4 Qc3 25.Bg4 Qxd3 26.Rxd3 Rc7 27.c5 Be5 28.c6 bxc6 29.dxc6 Rb8
30.Bf3 g6 31.Rb1 a5 32.Bd2 Ra8 33.Rd5 Rca7 34.Be3 Nc7 35.Bxa7 Nxd5 36.Bxd5 Rxa7
37.Rf1 Kf8 38.Bxf7 Ke7 39.Bg8 Ke8 40.g4 Rg7 41.Be6 h6 42.Rf7 Rxf7 43.Bxf7+ Ke7
44.Bxg6 d5 45.Kg2 Kd6 46.Be8 d4 47.h3 d3 48.Kf3 d2 49.Ke2 Bf4 50.h4 Kc7 51.Bd7 Kd6
52.Kd1 Kc7 53.Kc2 Kd6 54.g5 hxg5 55.h5 g4 56.Bxg4 Kxc6 57.Kc3 Kc5 58.Bf3 Bh6
59.Be2 Bg5 60.b4+ axb4+ 61.Kb3 Be3 62.a5 d1=Q+  1/2-1/2

[Event "Golden Cleopatra"]
[Site "Cairo EGY"]
[Date "2003.06.01"]
[Round "1"]
[White "Abdelnabbi,I"]
[Black "Asham,M"]
[Result "1-0"]
[WhiteElo "2446"]
[BlackElo "2009"]

1.e4 c5 2.Nf3 Nc6 3.d4 cxd4 4.Nxd4 Qc7 5.Nc3 e6 6.Be2 a6 7.O-O Nxd4 8.Qxd4 Ne7
9.Be3 Nc6 10.Qb6 Bd6 11.f4 Qb8 12.Na4 Bc7 13.Qc5 d6 14.Qc3 O-O 15.Nb6 Rd8
16.Rad1 Bd7 17.Qe1 Ne7 18.Nxa8 Qxa8 19.Qh4 Ng6 20.Qf2 Ne7 21.Bb6 Bxb6 22.Qxb6 Bc6
23.Bf3 Rd7 24.c4 Nc8 25.Qd4 b5 26.c5 d5 27.exd5 Bxd5 28.f5 Ne7 29.fxe6 fxe6
30.Qe5 Qc8 31.Bxd5 Rxd5 32.Rxd5 Nxd5 33.Qd6 h6 34.c6 a5 35.Qd7 Nb6 36.Qxc8+ Nxc8
37.c7  1-0

[Event "Master Open"]
[Site "Voronezh RUS"]
[Date "2003.06.17"]
[Round "5"]
[White "Rodin,M"]
[Black "Hasangatin,R"]
[Result "0-1"]
[WhiteElo "2377"]
[BlackElo "2517"]

1.e4 c5 2.Nf3 Nc6 3.d4 cxd4 4.Nxd4 Qc7 5.Nc3 e6 6.Be3 a6 7.Bd3 Nf6 8.Qe2 Bd6
9.O-O-O Be5 10.Nxc6 bxc6 11.Na4 Rb8 12.b3 d5 13.Bc5 Bd6 14.Kb1 Bxc5 15.Nxc5 Qe7
16.Na4 Qb4 17.e5 Qxa4 18.exf6 gxf6 19.Qf3 Ke7 20.Qg3 Qb4 21.c3 Qd6 22.Qg7 Bd7
23.Qh6 a5 24.g4 a4 25.Bc2 axb3 26.axb3 Rhg8 27.Rhg1 Ra8 28.b4 c5 29.g5 fxg5
30.Bxh7 Qa6 31.Bxg8 Qa1+ 32.Kc2 Ra2+  0-1

[Event "It"]
[Site "Pancevo YUG"]
[Date "2003.06.21"]
[Round "2"]
[White "Cheparinov,I"]
[Black "Matulovic,M"]
[Result "1/2-1/2"]
[WhiteElo "2508"]
[BlackElo "2432"]

1.e4 c5 2.Nf3 Nc6 3.d4 cxd4 4.Nxd4 Qc7 5.Nc3 e6 6.Be3 a6 7.Qd2 Nf6 8.O-O-O Bb4
9.f3 Ne5 10.Nb3 b5 11.Bd4 Bb7 12.Kb1 Be7 13.Qf2 Rc8 14.a3 O-O 15.g4 d6 16.g5 Nfd7
17.Rg1 Nc6 18.Be3 b4 19.axb4 Nxb4 20.f4 Rfe8 21.f5 exf5 22.exf5 Ne5 23.f6 Bf8
24.Bh3 Ra8 25.Bb6 Qb8 26.fxg7 Bxg7 27.Rg3 Bf3 28.Rf1 Bh5 29.Bf5 Bg6 30.Bxg6 fxg6
31.Ne4 Rf8 32.Nf6+ Bxf6 33.gxf6 Nd5 34.Bd4 Rxf6 35.Qg2 Rxf1+ 36.Qxf1 Qb5  1/2-1/2

[Event "zt 3.2a"]
[Site "Ho Chi Minh City VIE"]
[Date "2003.06.22"]
[Round "2"]
[White "Pham Chuong"]
[Black "Chan Peng Kong"]
[Result "1-0"]
[WhiteElo "2225"]
[BlackElo "2349"]

1.e4 c5 2.Nf3 Nc6 3.d4 cxd4 4.Nxd4 Qc7 5.Nc3 e6 6.Be2 a6 7.O-O Nf6 8.Be3 Bb4
9.f3 Bxc3 10.bxc3 Ne5 11.Nb3 Qxc3 12.Bc5 Nc6 13.Qd6 Qe5 14.Qxe5 Nxe5 15.Bd6 Nc6
16.Nc5 Kd8 17.Na4 b5 18.Nb6 Ra7 19.a4 Rb7 20.Nxc8 Kxc8 21.axb5 axb5 22.c4 Ne8
23.cxb5 Nb8 24.Rfc1+ Kd8 25.e5 h5 26.Rc5 Nxd6 27.exd6 e5 28.Rac1  1-0